000 00675nam a2200181Ia 4500
008 100921s9999 xx 000 0 und d
082 _b24182
_a891.463 थ 90
100 _aरांगणेकर कुमुदिनी.
245 _aव्हावे मिलन.
260 _bपार्टनर प्रकाशन, मुंबई.
_c1990
300 _a197
_bभावे पुस्तक भांडार,पुणे
365 _b60
520 _aललित-कादंबरी.
630 _aव्हावे मिलन.
650 _aललित-कादंबरी.
730 _aव्हावे मिलन.
942 _cBOOK
999 _c773295
_d773292